| 000 | 00737nam a2200253Ia 4500 | ||
|---|---|---|---|
| 003 | OSt | ||
| 005 | 20220928114153.0 | ||
| 006 | a|||||r|||| 00| 0 | ||
| 007 | ta | ||
| 008 | 220927b |||||||| |||| 00| 0 eng d | ||
| 020 | _cINR 350.00 | ||
| 024 | _a137806 | ||
| 037 |
_b111, 15/03/2018, Eastern Media _cTextual |
||
| 040 |
_aSDCL _cSDCL _beng |
||
| 041 |
_2eng _aeng |
||
| 082 | _aX:51, Q4 LR | ||
| 100 |
_aKhera Shiv _9437272 |
||
| 245 | 0 |
_aYou can sell _b Results are rewarded, efforts aren't |
|
| 260 |
_aNew Delhi _bBloomsbury _c2014 |
||
| 300 |
_aviii,285p. _ccm. |
||
| 650 | _aReference | ||
| 942 |
_hX:51, Q4 LR _cTEXL _2CC |
||
| 999 |
_c753228 _d753228 |
||